Hanke Crimo-Technok s.r.o. ako inovatívny podnik pre nové technológie a nápady v priemyselnom spracovaní káblov

Informácia o spoločnosti HCT, ktorá patrí medzi významných výrobcov tzv. crimpovacej techniky vo svete.

Enregistré dans:
Détails bibliographiques
Auteur principal: Štofová, Lenka, 1989-
Format: Chapitre de livre
Langue:slovaque
Sujets:
Tags: Ajouter un tag
Pas de tags, Soyez le premier à ajouter un tag!

MARC

LEADER 00000naa a2200000 4500
001 0248329
005 20240502073955.6
041 0 |a slo 
044 |a SK 
245 1 0 |a Hanke Crimo-Technok s.r.o. ako inovatívny podnik pre nové technológie a nápady v priemyselnom spracovaní káblov  |c Lenka Štofová 
520 |a Informácia o spoločnosti HCT, ktorá patrí medzi významných výrobcov tzv. crimpovacej techniky vo svete. 
610 2 0 |a stratégia inovačná 
610 2 0 |a podnik 
610 2 0 |a technológie nové 
610 2 0 |a certifikácia 
100 1 |a Štofová, Lenka, 1989-